<?xml version="1.0" encoding="UTF-8"?>
<marc:record xmlns:marc="http://www.loc.gov/MARC21/slim">
   <marc:leader>00000nam a2200000 a 4500</marc:leader>
   <marc:datafield ind1="1" ind2=" " tag="100">
      <marc:subfield code="a">Robert Vince</marc:subfield>
   </marc:datafield>
   <marc:datafield ind1="0" ind2="0" tag="245">
      <marc:subfield code="a">Treasure Buddies</marc:subfield>
   </marc:datafield>
   <marc:datafield ind1="0" ind2="0" tag="245">
      <marc:subfield code="b">Die Schatzschnüffler in Ägypten</marc:subfield>
   </marc:datafield>
   <marc:datafield ind1=" " ind2="1" tag="264">
      <marc:subfield code="a">München</marc:subfield>
      <marc:subfield code="b">Walt Disney Studios Home Entertainment</marc:subfield>
      <marc:subfield code="c">2012</marc:subfield>
   </marc:datafield>
   <marc:datafield ind1="1" ind2=" " tag="520">
      <marc:subfield code="a">Disney's unwiderstehliche Welpen - Budderball, B-Dawg, Rosebud, Buddha und Mudbud - sind mit einer neuen Geschichte zurück, die sie quer durch die Welt zu den alten Ruinen in Ägypten führt. Mithilfe ihrer neuen, exotischen Freunde ist diese abenteuerliche Reise ein toller Spaß ganz nach Buddy-Art! Die Welpen suchen den größten Schatz der Tierwelt. Dabei kommt es zum Wettrennen gegen eine hinterhältige Katze, bei dem die Buddies und ihre neuen Freunde, Cammy und Babi, listige Fallen überwinden, Rätsel lösen und eine geheimnisvolle Kruft erkunden.</marc:subfield>
   </marc:datafield>
   <marc:datafield ind1="3" ind2=" " tag="024">
      <marc:subfield code="a">8717418308698</marc:subfield>
   </marc:datafield>
   <marc:datafield ind1=" " ind2=" " tag="300">
      <marc:subfield code="a">1 DVD</marc:subfield>
   </marc:datafield>
</marc:record>
